[Event "Tourn. n8694"]
[Site "www.chess-mail.com"]
[Date "2016.05.10"]
[Round "1"]
[White "Gatrooper"]
[Black "Cal"]
[WhiteElo "1570"]
[BlackElo "1660"]
[Result "0-1"]
[Round "1"]
1.e4 e5
2.a3 a6
3.h3 Nb8c6
4.Ng1f3 d6
5.Nb1c3 h6
6.Bf1c4 Ng8f6
7.Nc3d5 Nf6xe4
8.d3 Ne4c5
9.Bc1e3 Bf8e7
10.Nd5xe7 Qd8xe7
11.b4 Nc5a4
12.Be3c1 O-O
13.Bc4b3 Na4b6
14.O-O Bc8f5
15.g4 Bf5h7
16.Nf3h2 Nc6d4
17.Bc1e3 Nd4xb3
18.cxb3 Nb6d5
19.Qd1f3 Bh7xd3
20.Rf1d1 e4
21.Qf3g3 Qe7f6
22.g5 hxg5
23.Be3xg5 Qf6d4
24.Bg5h6 g6
25.h4 Kh7
26.Bh6xf8 Ra8xf8
27.h5 Nd5f6
28.hxg6 fxg6
29.Qg3h4 Kg7
30.Nh2g4 Nf6h5
31.Qh4e7 Rf8f7
32.Qe7g5 Nh5f4
33.Qg5h6 Kg8
34.Qh6h4 Kg7
35.Qh4h6 Kg8
36.Ra1a2 e3
37.Ng4xe3 Nf4e2
38.Kf1 Ne2c3
39.Kg2 Qd4e4
40.Kh2 Rf7xf2
41.Kh3 Qe4f3
42.Kh4 Rf2xa2
43.Rd1xd3 Ra2h2
44.Kg5 Rh2xh6
45.Kxh6 Nc3e4
46.Kxg6 Qf3g3
47.Kf5 Qg3e5
48.Kg4 Ne4f2
49.Kf3 Nf2xd3
50.Ne3c4 Qe5f4
51.Kg2 Qf4f2
52.Kh3 Qf2g1
53.Kh4 Kg7
54.Nc4d2 Nd3f2
55.Nd2f3 Qg1g4
{ resign }
0-1

[Event "Tourn. n8703"]
[Site "www.chess-mail.com"]
[Date "2016.05.10"]
[Round "1"]
[White "Elogic"]
[Black "Gfalk"]
[WhiteElo "1810"]
[BlackElo "1690"]
[Result "0-1"]
[Round "1"]
1.g3 d5
2.c3 e5
3.e3 c6
4.d4 Bf8d6
5.Bf1h3 Bc8xh3
6.Ng1xh3 Qd8d7
7.g4 Nb8a6
8.a4 e4
9.b4 Ng8e7
10.Bc1a3 Na6c7
11.Nb1d2 a5
12.Nd2b3 b6
13.bxa5 Bd6xa3
14.Ra1xa3 bxa5
15.Nb3c5 Qd7d6
 { time }
0-1

[Event "Tourn. n8641"]
[Site "www.chess-mail.com"]
[Date "2016.05.10"]
[Round "1"]
[White "Afrikanu007"]
[Black "Falcoale"]
[WhiteElo "1499"]
[BlackElo "1560"]
[Result "0-1"]
[Round "1"]
1.e4 c5
2.Nb1c3 Nb8c6
3.b3 e6
4.Bf1b5 a6
5.Bb5xc6 bxc6
6.Bc1a3 Ng8f6
7.e5 Nf6d5
8.Ng1e2 a5
9.Nc3xd5 cxd5
10.O-O Bf8e7
11.d4 cxd4
12.Ba3xe7 Qd8xe7
13.Qd1xd4 O-O
14.Rf1e1 Bc8b7
15.Qd4b6 Bb7c6
16.a4 Rf8b8
17.Qb6e3 Rb8b4
18.Ne2g3 Ra8c8
19.Ra1c1 Rb4b7
20.Ng3e2 Rb7c7
21.Ne2d4 Bc6a8
22.Qe3d2 d6
23.Nd4b5 dxe5
24.Nb5xc7 Qe7xc7
25.c4 d4
26.Qd2g5 Qc7b7
27.Qg5g3 f6
28.Qg3h3 Qb7c6
29.f3 Qc6e8
30.Qh3g4 f5
31.Qg4g3 e4
32.fxe4 fxe4
33.Qg3e5 d3
34.Qe5xa5 Qe8g6
35.Qa5d2 Rc8c5
36.Re1e3 Rc5f5
37.Rc1f1 Rf5h5
38.Re3g3 Qg6e8
 { time }
0-1

[Event "Tourn. n8751"]
[Site "www.chess-mail.com"]
[Date "2016.05.10"]
[Round "1"]
[White "Difficult"]
[Black "Pimpampum"]
[WhiteElo "1820"]
[BlackElo "2030"]
[Result "0-1"]
[Round "1"]
1.e4 e5
2.Ng1f3 Nb8c6
3.Bf1b5 f5
4.d3 d6
5.Nb1c3 Ng8f6
6.Bc1g5 Bf8e7
7.O-O { time. }
0-1

[Event "Tourn. n8744"]
[Site "www.chess-mail.com"]
[Date "2016.05.10"]
[Round "1"]
[White "Bojan"]
[Black "Difficult"]
[WhiteElo "1820"]
[BlackElo "1850"]
[Result "1/2-1/2"]
[Round "1"]
1.e4 e5
2.Ng1f3 Ng8f6
3.Nf3xe5 d6
4.Ne5d3 Nf6xe4
5.Nd3f4 Bf8e7
6.Bf1c4 O-O
7.O-O c6
8.Rf1e1 d5
9.Bc4d3 Ne4f6
10.Re1e3 Be7d6
11.Nf4e2 Rf8e8
12.Ne2d4 Re8xe3
13.dxe3 Nb8d7
14.Nd4f5 Bd6f8
15.b3 Nd7c5
16.Qd1f3 Nc5xd3
17.cxd3 Bc8xf5
18.Qf3xf5 Qd8d7
19.Qf5g5 h6
20.Qg5f4 Bf8d6
21.Qf4f3 Qd7g4
{ draw }
1/2-1/2

[Event "Match"]
[Site "www.echecsemail.com"]
[Date "2016.05.10"]
[Round "1"]
[White "Pimpampum"]
[Black "Whitekknight"]
[WhiteElo "1499"]
[BlackElo "1930"]
[Result "1-0"]
[Round "1"]
1.Ng1f3 d5
2.d4 Ng8f6
3.c4 e6
4.Nb1c3 c5
5.e3 Nb8c6
6.dxc5 Bf8xc5
7.cxd5 exd5
8.Nc3b5 O-O
9.Bf1e2 a6
10.Nb5d4 Bc5b4
11.Bc1d2 Bb4xd2
12.Qd1xd2 Nc6xd4
13.Nf3xd4 Nf6e4
14.Qd2b4 Rf8e8
15.O-O Bc8d7
16.Ra1c1 Ra8b8
17.Rf1d1 h6
18.Nd4f3 Bd7c6
19.Qb4a3 Qd8d7
20.Nf3d4 Re8c8
21.h3 Rc8c7
22.Be2g4 Qd7e8
23.Qa3a5 Qe8e7
24.b3 Ne4f6
25.Bg4e2 Rb8c8
26.Rc1c2 Nf6d7
27.Rd1c1 Nd7b8
28.Qa5b6 Nb8d7
29.Qb6a5 Nd7b8
30.Be2f3 Qe7d6
31.Nd4f5 Qd6f6
32.Nf5d4 Qf6d6
33.Nd4f5 Qd6d7
34.Bf3g4 Qd7e6
35.Nf5xg7 Qe6g6
36.Ng7f5 h5
37.Nf5e7 Rc7xe7
38.Bg4xc8 d4
39.f3 Bc6xf3
40.Qa5d8 Kg7
41.Qd8xe7 Bf3c6
42.Qe7e5 Kg8
43.exd4 { resign }
1-0

[Event "Match"]
[Site "www.echecsemail.com"]
[Date "2016.05.10"]
[Round "1"]
[White "Pellix84"]
[Black "Snickers"]
[WhiteElo "2010"]
[BlackElo "1809"]
[Result "1/2-1/2"]
[Round "1"]
1.d4 f5
2.Ng1f3 g6
3.g3 Bf8g7
4.Nb1c3 Ng8f6
5.Bf1g2 O-O
6.O-O d6
7.Bc1g5 c6
8.Qd1d2 Qd8c7
9.Bg5h6 e5
10.Bh6xg7 Kxg7
11.Rf1e1 e4
12.Nf3g5 d5
13.e3 h6
14.Ng5h3 Bc8e6
15.Nc3d1 Nb8d7
16.Qd2e2 Be6f7
17.f4 Ra8e8
18.Nd1f2 b6
19.g4 Bf7e6
20.g5 hxg5
21.Nh3xg5 c5
22.c3 c4
23.Nf2h3 Be6g8
{ draw }
1/2-1/2

[Event "Match"]
[Site "www.echecsemail.com"]
[Date "2016.05.10"]
[Round "1"]
[White "Snickers"]
[Black "Mdesouza"]
[WhiteElo "1809"]
[BlackElo "2200"]
[Result "0-1"]
[Round "1"]
1.Ng1f3 Ng8f6
2.c4 g6
3.g3 Bf8g7
4.Bf1g2 O-O
5.O-O d6
6.d4 Nb8d7
7.Nb1c3 c6
8.e4 e5
9.d5 cxd5
10.cxd5 Nd7c5
11.Qd1c2 Nf6h5
12.b4 Nc5d7
13.a4 a5
14.Bc1a3 Nd7b6
15.bxa5 Nb6c4
16.Ba3b4 Nc4xa5
17.Nc3b5 Ra8a6
18.Qc2c3 Nh5f6
19.Bb4xa5 Ra6xa5
20.Nb5xd6 Ra5a6
21.Nd6xc8 Nf6xe4
{ resign }
0-1

[Event "Match"]
[Site "www.echecsemail.com"]
[Date "2016.05.10"]
[Round "1"]
[White "Genius9"]
[Black "Pinehill"]
[WhiteElo "1770"]
[BlackElo "2080"]
[Result "0-1"]
[Round "1"]
1.Ng1f3 e6
2.g3 d5
3.Bf1g2 Ng8f6
4.b3 Bf8e7
5.Bc1b2 O-O
6.O-O c5
7.d3 Nb8c6
8.Nb1d2 b6
9.Nf3e5 Bc8b7
10.Ne5xc6 Bb7xc6
11.Nd2f3 h6
12.Nf3e5 Bc6b7
13.Qd1d2 Qd8c7
14.Ne5f3 d4
15.c3 Bb7xf3
16.Bg2xf3 Ra8d8
17.cxd4 cxd4
18.Rf1c1 Qc7b8
19.Bf3g2 e5
20.b4 Nf6d5
21.a3 Be7g5
{ resign }
0-1

[Event "Match"]
[Site "www.echecsemail.com"]
[Date "2016.05.10"]
[Round "1"]
[White "Azulmarino"]
[Black "Sagara1977"]
[WhiteElo "1450"]
[BlackElo "1490"]
[Result "1-0"]
[Round "1"]
1.e4 e5
2.Ng1f3 Qd8f6
3.d3 Bf8c5
4.Bc1g5 Qf6b6
5.Bg5h4 Qb6xb2
6.Nb1d2 Ng8f6
7.Nf3xe5 Qb2xe5
8.Nd2c4 Qe5f4
9.Bh4g3 Qf4g5
10.Bf1e2 d5
11.Bg3xc7 dxc4
12.dxc4 Qg5xg2
13.Qd1d8 { resign }
1-0

[Event "Match"]
[Site "www.echecsemail.com"]
[Date "2016.05.10"]
[Round "1"]
[White "Elogic"]
[Black "Gfalk"]
[WhiteElo "1810"]
[BlackElo "1690"]
[Result "0-1"]
[Round "1"]
1.e4 c5
2.f4 d5
3.Nb1c3 d4
4.Nc3a4 e6
5.Bf1b5 Bc8d7
6.Bb5xd7 Qd8xd7
7.Na4xc5 Bf8xc5
8.Qd1g4 g6
9.d3 Ng8f6
10.Qg4g5 Bc5e7
11.Qg5h6 Be7f8
12.Qh6h4 Bf8g7
13.e5 Nf6d5
14.Bc1d2 Nb8c6
15.Ng1f3 f6
16.c4 g5
 { time }
0-1

[Event "Match"]
[Site "www.echecsemail.com"]
[Date "2016.05.10"]
[Round "1"]
[White "B0zata"]
[Black "Watford"]
[WhiteElo "1799"]
[BlackElo "1670"]
[Result "1-0"]
[Round "1"]
1.d4 d5
2.Ng1f3 c6
3.Bc1f4 Ng8f6
4.Nb1c3 Bc8f5
5.h3 e6
6.Nf3h4 Bf8d6
7.Bf4xd6 Qd8xd6
8.Nh4xf5 exf5
9.e3 O-O
10.Bf1d3 Nf6e4
11.O-O Nb8d7
12.Qd1h5 g6
13.Qh5h4 Rf8e8
14.Nc3e2 Qd6f6
15.Qh4f4 Qf6d6
16.Qf4xd6 Ne4xd6
17.b3 Nd6e4
{ time. }
1-0

[Event "Match"]
[Site "www.echecsemail.com"]
[Date "2016.05.10"]
[Round "1"]
[White "Genius9"]
[Black "Ericleo1980"]
[WhiteElo "1720"]
[BlackElo "2270"]
[Result "1-0"]
[Round "1"]
1.e4 c5
2.Ng1f3 d6
3.d4 cxd4
4.Nf3xd4 Ng8f6
5.Nb1c3 a6
6.g3 e5
7.Nd4e2 Bc8e6
8.Bf1g2 Bf8e7
9.O-O Nb8d7
10.Nc3d5 Nf6xd5
11.exd5 Be6f5
12.c4 Qd8b6
13.b3 O-O
14.Bc1e3 Qb6c7
15.Qd1d2 Nd7f6
{ time. }
1-0

[Event "Match"]
[Site "www.echecsemail.com"]
[Date "2016.05.10"]
[Round "1"]
[White "B0zata"]
[Black "Pare123"]
[WhiteElo "1799"]
[BlackElo "2000"]
[Result "1-0"]
[Round "1"]
1.Ng1f3 g6
2.d4 Bf8g7
3.c4 d5
4.e3 dxc4
5.Bf1xc4 Ng8f6
6.Nb1c3 O-O
7.O-O Bc8g4
8.h3 Bg4xf3
9.Qd1xf3 Nb8c6
10.Bc4b5 Qd8d6
11.Bb5xc6 bxc6
12.a3 c5
13.Nc3e4 Nf6xe4
14.Qf3xe4 cxd4
15.Rf1d1 c5
16.exd4 cxd4
17.Bc1f4 e5
18.Bf4g3 f6
19.Rd1d3 Ra8d8
20.Ra1d1 Qd6b6
21.b4 Rf8f7
22.f4 f5
23.Qe4e1 e4
24.Rd3d2 d3
25.Bg3f2 Bg7d4
26.Bf2xd4 Rd8xd4
27.Kh1 Rf7d7
28.Rd1c1 Qb6e6
29.Qe1e3 Qe6b3
30.g4 Qb3xa3
31.Rc1c8 Kg7
32.gxf5 gxf5
33.Qe3g3 Kf6
34.Qg3g5 Ke6
35.Qg5h6 Kd5
36.Rc8c5 { resign }
1-0

[Event "Match"]
[Site "www.echecsemail.com"]
[Date "2016.05.10"]
[Round "1"]
[White "Rindrandria"]
[Black "Ranjachess"]
[WhiteElo "1660"]
[BlackElo "1670"]
[Result "1-0"]
[Round "1"]
1.c4 d6
2.Qd1b3 e5
3.e4 Ng8f6
4.d3 b6
5.f3 Nb8c6
6.Bc1e3 Nc6d4
7.Be3xd4 exd4
8.h4 c5
9.Ng1e2 g6
10.g4 Nf6d7
11.Bf1g2 Nd7e5
12.Ne2f4 g5
13.Nf4h5 gxh4
14.Qb3d1 Bf8h6
15.O-O Bh6e3
16.Kh1 Qd8g5
17.f4 Bc8xg4
18.fxg5 Bg4xd1
19.Rf1xd1 Ne5g4
20.Rd1f1 Ng4f2
21.Kh2 Nf2xd3
22.b3 Nd3e5
23.Nh5f6 Ke7
24.Nf6d5 Kd7
25.Bg2h3 Kc6
26.Rf1f5 Rh8g8
27.Nd5e7 Kc7
28.Ne7xg8 Ra8xg8
29.Nb1a3 Be3xg5
30.Na3b5 Kb8
31.Nb5xd6 f6
32.Ra1g1 Bg5f4
33.Rf5xf4 Rg8xg1
34.Kxg1 d3
35.Rf4xf6 d2
36.Rf6f1 Ne5f3
37.Kf2 Nf3d4
38.Rf1d1 Kc7
39.Nd6b5 Nd4xb5
40.cxb5 a5
41.Rd1xd2 h5
42.e5 a4
43.bxa4 c4
44.e6 c3
45.Rd2c2 Kd6
46.Rc2xc3 Ke7
47.Rc3c7 Kd8
48.e7 Kxc7
49.e8Q Kb7
50.Qe8c6 Ka7
51.Bh3c8 Kb8
52.Qc6b7 
1-0

[Event "Match"]
[Site "www.echecsemail.com"]
[Date "2016.05.10"]
[Round "1"]
[White "Krystek23"]
[Black "Delacey"]
[WhiteElo "2230"]
[BlackElo "1960"]
[Result "1-0"]
[Round "1"]
1.Ng1f3 Nb8c6
2.c4 e5
3.d3 Bf8c5
4.e3 Ng8f6
5.Nb1c3 O-O
6.Bf1e2 d6
7.h3 Rf8e8
8.Nf3d2 a6
9.Be2f3 Nc6e7
10.a3 c6
11.b4 Bc5a7
12.Qd1c2 Ne7f5
13.Nd2f1 Nf5h4
14.Bf3e2 Nh4xg2
15.Kd1 Ng2h4
16.Nc3a2 e4
17.d4 Bc8f5
18.Nf1g3 d5
19.Ng3xf5 Nh4xf5
20.c5 b6
21.Ke1 bxc5
22.bxc5 Nf5h4
23.Na2b4 Nh4f3
24.Be2xf3 exf3
25.Nb4xc6 Qd8c7
26.Nc6b4 Ra8d8
27.Bc1b2 a5
28.Nb4d3 Nf6e4
29.Qc2d1 Ne4g5
30.h4 Re8xe3
31.fxe3 Qc7g3
32.Kd2 Ng5e4
33.Kc2 Qg3g2
34.Kc1 Rd8b8
35.Rh1f1 f2
36.Kc2 a4
37.Nd3b4 Ne4g3
38.Nb4d3 Ng3xf1
39.Qd1xf1 Qg2xf1
40.Ra1xf1 Rb8e8
41.Kd2 Re8e4
42.Rf1xf2 Re4xh4
43.Nd3b4 g5
44.Nb4c6 g4
45.Nc6xa7 g3
46.Rf2e2 Rh4h2
47.c6 Rh2f2
48.c7 g2
49.c8Q Kg7
50.Qc8g4 { resign }
1-0

[Event "Match"]
[Site "www.echecsemail.com"]
[Date "2016.05.10"]
[Round "1"]
[White "Watford"]
[Black "Pinehill"]
[WhiteElo "1670"]
[BlackElo "2120"]
[Result "0-1"]
[Round "1"]
1.d4 Ng8f6
2.c4 e6
3.Nb1c3 Bf8b4
4.e3 O-O
5.Bf1d3 d5
6.Ng1e2 dxc4
7.Bd3xc4 c5
8.O-O Bb4xc3
9.bxc3 Nb8d7
10.Bc1a3 b6
11.Qd1c2 Rf8e8
12.Rf1d1 Bc8b7
13.Ne2g3 { time. }
0-1

[Event "Match"]
[Site "www.echecsemail.com"]
[Date "2016.05.10"]
[Round "1"]
[White "Tonino1"]
[Black "Ericleo1980"]
[WhiteElo "2200"]
[BlackElo "2210"]
[Result "1-0"]
[Round "1"]
1.d4 d5
2.Ng1f3 Ng8f6
3.e3 c6
4.Bf1d3 Bc8g4
5.b3 Nb8d7
6.Bc1b2 Qd8c7
7.Nb1d2 e6
8.O-O Bf8d6
9.h3 Bg4h5
10.g4 Bh5g6
11.Bd3xg6 hxg6
12.Kg2 Rh8h7
13.Nf3g5 Rh7h8
14.f4 Nd7f8
15.c4 b6
16.Ra1c1 Nf8h7
17.c5 bxc5
18.dxc5 Bd6e7
19.e4 dxe4
20.Ng5xe4 Ra8d8
21.Qd1e2 Nf6xe4
22.Nd2xe4 Nh7f6
23.Bb2e5 Qc7a5
24.Ne4d6 Be7xd6
25.cxd6 Kd7
26.Rf1d1 Rd8c8
27.Be5xf6 gxf6
28.Qe2f2 c5
29.Rd1d2 Rc8c6
30.Rc1d1 c4
{ time. }
1-0

[Event "Match"]
[Site "www.echecsemail.com"]
[Date "2016.05.10"]
[Round "1"]
[White "Romaamor69"]
[Black "Watford"]
[WhiteElo "1639"]
[BlackElo "1620"]
[Result "1-0"]
[Round "1"]
1.d4 f5
2.g3 Ng8f6
3.Bf1g2 g6
4.c3 Bf8g7
5.Nb1d2 O-O
6.Ng1h3 d5
7.O-O Nf6e4
8.Nd2xe4 fxe4
9.f3 exf3
{ time. }
1-0

[Event "Match"]
[Site "www.echecsemail.com"]
[Date "2016.05.10"]
[Round "1"]
[White "Germancho95"]
[Black "Battlechess"]
[WhiteElo "1550"]
[BlackElo "1510"]
[Result "0-1"]
[Round "1"]
1.e4 c5
2.Ng1f3 Nb8c6
3.d4 cxd4
4.Nf3xd4 e5
5.Nd4f5 d5
6.Nf5g3 Ng8f6
7.Bc1g5 d4
8.Bf1e2 Bf8e7
 { time }
0-1

[Event "Eq:La Taverne-Royal chess : "]
[Site "www.chess-mail.com"]
[Date "2016.05.10"]
[Round "1"]
[White "Cal"]
[Black "Coraza8091"]
[WhiteElo "1630"]
[BlackElo "1660"]
[Result "0-1"]
[Round "1"]
1.e4 e5
2.a3 Bf8c5
3.Nb1c3 Qd8f6
4.Ng1f3 Ng8h6
5.d3 Nh6g4
6.Bc1e3 Bc5xe3
7.fxe3 Ng4xe3
8.Qd1e2 Ne3g4
9.h3 Ng4h6
10.g4 Qf6b6
11.b4 d6
12.Ra1d1 f6
13.Bf1g2 Bc8e6
14.d4 Qb6c6
15.dxe5 Qc6xc3
16.Nf3d2 Nb8d7
17.O-O Qc3d4
18.Kh1 Qd4xe5
19.Nd2f3 Qe5c3
20.Nf3d4 Be6c4
21.Qe2f2 Bc4xf1
22.Rd1xf1 O-O
23.Nd4e6 Rf8c8
24.g5 Nh6f7
25.gxf6 Nd7xf6
26.Qf2e2 Qc3e5
27.Qe2c4 b5
28.Rf1f5 Qe5a1
29.Bg2f1 bxc4
30.Ne6d4 Qa1xd4
31.Bf1g2 Nf6xe4
32.Rf5xf7 Kxf7
{ resign }
0-1

[Event "Fast Game"]
[Site "www.echecsemail.com"]
[Date "2016.05.10"]
[Round "1"]
[White "Attatroll"]
[Black "Battlechess"]
[WhiteElo "1820"]
[BlackElo "1659"]
[Result "1-0"]
[Round "1"]
1.e4 d6
2.d4 Ng8f6
3.Nb1c3 e5
4.dxe5 dxe5
5.Qd1xd8 Kxd8
6.Bc1g5 c6
7.O-O-O Ke8
8.Ng1f3 Nb8d7
9.Bf1c4 Bf8e7
10.h4 h6
11.Bg5xf6 Be7xf6
12.g4 Nd7b6
13.Bc4b3 Bc8d7
14.Nc3a4 Nb6xa4
15.Bb3xa4 Bd7xg4
16.Rd1d3 Ra8d8
17.Rd3xd8 Kxd8
18.Nf3d2 Kc7
19.f3 Bg4e6
20.Ba4b3 Be6xb3
21.Nd2xb3 Rh8d8
22.h5 b6
23.a4 c5
24.a5 c4
25.axb6 axb6
26.Nb3d2 Bf6g5
27.Rh1h2 b5
28.Kd1 Rd8xd2
29.Rh2xd2 Bg5xd2
30.Kxd2 g6
31.Ke2 gxh5
32.Kf2 Kd6
33.Kg3 Ke6
34.Kh4 f5
35.Kxh5 fxe4
36.fxe4 Kd6
37.Kxh6 Kc5
38.c3 b4
39.Kg5 bxc3
40.bxc3 Kd6
{ time. }
1-0

[Event "Tourn. n8731"]
[Site "www.chess-mail.com"]
[Date "2016.05.11"]
[Round "1"]
[White "Daquata"]
[Black "Passaroa25"]
[WhiteElo "1680"]
[BlackElo "1610"]
[Result "1-0"]
[Round "1"]
1.e4 c6
2.d4 d6
3.Ng1f3 f6
4.Nb1c3 Bc8e6
5.d5 Be6f7
6.Bf1c4 e6
7.dxe6 Bf7g6
8.Nf3h4 b5
9.Nh4xg6 hxg6
10.Bc4b3 Ng8e7
11.Bc1f4 Ne7c8
12.O-O Bf8e7
13.Qd1g4 g5
14.Bf4g3 Be7f8
15.Ra1d1 Bf8e7
16.Qg4f5 Rh8h6
17.f4 Rh6h5
18.Qf5g6 Kf8
19.Qg6xh5 Qd8e8
20.Qh5h7 { resign }
1-0

[Event "Tourn. n8743"]
[Site "www.chess-mail.com"]
[Date "2016.05.11"]
[Round "1"]
[White "Redabond"]
[Black "Cal"]
[WhiteElo "1560"]
[BlackElo "1570"]
[Result "1-0"]
[Round "1"]
1.d4 d5
2.Bc1f4 Nb8c6
3.Nb1c3 h6
4.Nc3b5 e5
5.dxe5 Bc8d7
6.e6 Bf8d6
7.exd7 Qd8xd7
8.Bf4xd6 cxd6
9.Ng1f3 Ng8f6
10.e3 a6
11.Nb5c3 b5
12.Nc3xd5 Nf6e4
13.Bf1d3 O-O
14.Bd3xe4 Ra8b8
15.Qd1d3 f5
16.Be4xf5 Rf8xf5
17.O-O Rb8f8
18.e4 Rf5h5
19.Rf1e1 Qd7g4
20.Qd3b3 Rh5h3
21.Nd5f6 Kh8
22.Nf6xg4 Nc6d4
23.Qb3d3 Nd4xf3
24.gxf3 Rh3xf3
25.Re1e3 Rf3f4
26.Re3g3 h5
27.Ng4e3 Rf4xf2
28.Ra1f1 Rf2xf1
29.Ne3xf1 Rf8f7
30.Qd3xd6 Rf7f6
31.Qd6xf6 gxf6
32.Rg3a3 { resign }
1-0

[Event "Tourn. n8676"]
[Site "www.chess-mail.com"]
[Date "2016.05.11"]
[Round "1"]
[White "Rons"]
[Black "Glenno"]
[WhiteElo "2560"]
[BlackElo "2400"]
[Result "1-0"]
[Round "1"]
1.e4 e5
2.Ng1f3 Nb8c6
3.Bf1b5 a6
4.Bb5a4 Ng8f6
5.O-O Bf8e7
6.Rf1e1 b5
7.Ba4b3 O-O
8.c3 d6
9.h3 Nc6a5
10.Bb3c2 c5
11.d4 Qd8c7
12.Nb1d2 cxd4
13.cxd4 Na5c6
14.Nd2b3 a5
15.Bc1e3 a4
16.Nb3d2 Bc8d7
17.Ra1c1 Qc7b7
18.Qd1e2 Rf8e8
19.Bc2d3 Ra8b8
20.dxe5 dxe5
21.a3 h6
22.Be3c5 Nf6h5
23.Bc5xe7 Re8xe7
24.Qe2e3 Nh5f4
25.Rc1c5 Qb7a6
26.Re1c1 f6
27.Bd3f1 Nc6d8
28.Nf3h4 Nd8e6
29.Nh4f5 Re7e8
30.Rc5c2 Nf4g6
31.Nd2f3 Ne6f4
32.Rc2d2 Bd7xf5
33.exf5 Ng6e7
34.Qe3e4 Rb8d8
35.Rd2xd8 Re8xd8
36.g3 Nf4d5
37.Rc1c5 Qa6b6
38.Rc5xb5 Qb6c6
39.Nf3h4 Qc6a8
40.Bf1c4 Kf8
41.Nh4g6 Ne7xg6
42.Bc4xd5 Qa8a6
43.Qe4b4 Ng6e7
44.Rb5b7 Rd8e8
45.Bd5f3 g6
46.fxg6 Qa6e6
47.Bf3d1 Qe6f5
48.g7 Kxg7
49.Bd1xa4 Qf5b1
50.Kg2 Kh8
51.Ba4xe8 Qb1h7
52.Rb7xe7 Qh7g8
53.Qb4e4 h5
54.Be8xh5 Qg8g7
55.Re7e8 Qg7g8
56.Re8xg8 { resign }
1-0

[Event "Tourn. n8720"]
[Site "www.chess-mail.com"]
[Date "2016.05.11"]
[Round "1"]
[White "Ejner"]
[Black "Goofy"]
[WhiteElo "2359"]
[BlackElo "2370"]
[Result "1/2-1/2"]
[Round "1"]
1.d4 e6
2.c4 f5
3.Nb1c3 Ng8f6
4.e3 b6
5.Bf1d3 Bc8b7
6.f3 Bf8b4
7.Ng1e2 O-O
8.Qd1c2 Nf6h5
9.O-O Bb4xc3
10.Qc2xc3 d6
11.b3 Nb8d7
12.Bc1b2 Qd8e8
13.Ra1e1 a5
14.d5 e5
15.f4 e4
16.Bd3c2 Qe8g6
17.Ne2d4 Rf8f7
18.Bc2d1 Nd7c5
19.Bd1e2 { draw }
1/2-1/2

[Event "Tourn. n8730"]
[Site "www.chess-mail.com"]
[Date "2016.05.11"]
[Round "1"]
[White "Libiesse"]
[Black "Malbertan"]
[WhiteElo "1960"]
[BlackElo "2040"]
[Result "1-0"]
[Round "1"]
1.d4 e5
2.dxe5 Nb8c6
3.Ng1f3 Qd8e7
4.e3 Nc6xe5
5.Nb1c3 Ng8f6
6.Bf1e2 d6
7.O-O Bc8g4
8.b3 Ne5xf3
9.Be2xf3 Bg4xf3
10.Qd1xf3 O-O-O
11.Bc1b2 Qe7d7
12.Ra1d1 Bf8e7
13.Rd1d3 h5
14.Rf1d1 g5
15.Nc3a4 Rh8h6
16.Bb2xf6 Be7xf6
17.Na4c5 Qd7c6
18.Qf3f5 Kb8
19.Nc5e4 Bf6e5
20.Qf5xe5 Rh6e6
21.Qe5xg5 Rd8e8
22.Qg5xh5 Qc6xe4
23.Qh5xf7 Re6e7
24.Qf7d5 Qe4h4
25.Rd3d4 Qh4h6
26.c4 Re7h7
27.h3 Re8f8
28.c5 Qh6f6
29.Rd4f4 Qf6e7
30.Rf4xf8 Qe7xf8
31.cxd6 cxd6
32.Qd5xd6 Qf8xd6
33.Rd1xd6 Kc7
34.Rd6d2 { resign }
1-0

[Event "Tourn. n8705"]
[Site "www.chess-mail.com"]
[Date "2016.05.11"]
[Round "1"]
[White "Elogic"]
[Black "Genius7"]
[WhiteElo "1800"]
[BlackElo "1820"]
[Result "0-1"]
[Round "1"]
1.b3 c5
2.e4 Nb8c6
3.Bc1b2 d6
4.Bf1c4 e6
5.d4 cxd4
6.Bb2xd4 Ng8f6
7.f3 Bf8e7
8.Ng1e2 Nc6xd4
9.Ne2xd4 O-O
10.Nb1c3 a6
11.Qd1d3 b5
12.Nd4xb5 axb5
13.Bc4xb5 Bc8b7
14.a4 Qd8c7
15.O-O Rf8c8
16.Bb5c4 d5
17.exd5 exd5
18.Nc3xd5 Nf6xd5
19.Bc4xd5 Qc7c5
20.Kh1 Qc5xd5
21.Qd3xd5 Bb7xd5
22.c4 Bd5e6
23.g4 Ra8b8
24.Ra1b1 Rc8d8
 { time }
0-1

[Event "Tourn. n8669"]
[Site "www.chess-mail.com"]
[Date "2016.05.11"]
[Round "1"]
[White "Seger"]
[Black "Ericleo1980"]
[WhiteElo "2720"]
[BlackElo "2210"]
[Result "1-0"]
[Round "1"]
1.c4 Ng8f6
2.d4 e6
3.Nb1c3 d5
4.e3 c6
5.Ng1f3 Nb8d7
6.Bf1d3 dxc4
7.Bd3xc4 b5
8.Bc4e2 Bc8b7
9.O-O a6
10.e4 b4
11.e5 bxc3
12.exf6 Nd7xf6
13.bxc3 Bf8d6
14.Ra1b1 Qd8c7
15.c4 c5
16.dxc5 Bd6xc5
17.Bc1f4 Qc7c6
18.Qd1b3 Bb7c8
19.Nf3e5 Qc6e4
20.Qb3g3 O-O
21.Be2f3 Bc5xf2
22.Kxf2 Qe4c2
23.Kg1 Ra8a7
24.Bf4h6 Nf6e8
25.Rb1b8 Kh8
26.Rb8xc8 gxh6
27.Bf3c6 { resign }
1-0

[Event "Tourn. n8694"]
[Site "www.chess-mail.com"]
[Date "2016.05.11"]
[Round "1"]
[White "Gatrooper"]
[Black "Tevere"]
[WhiteElo "1570"]
[BlackElo "1569"]
[Result "1/2-1/2"]
[Round "1"]
1.e4 e5
2.a3 Ng8f6
3.Nb1c3 Bf8c5
4.d3 d6
5.Bc1e3 Bc5xe3
6.fxe3 O-O
7.h3 Bc8d7
8.Ng1f3 Nb8c6
9.g4 h5
10.g5 Nf6h7
11.Qd1e2 Nh7xg5
12.Nf3xg5 Qd8xg5
13.O-O-O Nc6d4
14.Qe2e1 Bd7c6
15.Kb1 Nd4f5
16.Bf1e2 Nf5xe3
17.Rh1g1 Qg5h6
18.Rd1c1 h4
19.Nc3d1 Bc6d7
20.Nd1xe3 Qh6xe3
21.Qe1xh4 Bd7xh3
22.Rg1h1 Qe3h6
23.Qh4xh3 Qh6xh3
24.Rh1xh3 b6
25.Rc1h1 g6
26.Rh3h8 Kg7
27.Rh8h7 Kf6
28.Rh1f1 Ke7
29.Rh7h3 Rf8g8
30.Be2g4 Rg8g7
31.Rh3f3 Ra8h8
32.c4 Rh8h6
33.Ka2 Rh6h8
{ draw }
1/2-1/2

[Event "Tourn. n8698"]
[Site "www.chess-mail.com"]
[Date "2016.05.11"]
[Round "1"]
[White "Orhany24"]
[Black "Scasan55"]
[WhiteElo "2120"]
[BlackElo "2170"]
[Result "1-0"]
[Round "1"]
1.d4 Ng8f6
2.c4 e6
3.Nb1c3 Bf8b4
4.Bc1d2 O-O
5.Qd1c2 c5
6.e3 cxd4
7.exd4 Nb8c6
8.Ng1f3 d5
9.Bf1d3 dxc4
10.Bd3xc4 Nc6xd4
11.Nf3xd4 Bb4xc3
12.Bd2xc3 b6
13.O-O Bc8b7
14.Ra1d1 Qd8c7
15.Bc4e2 Ra8c8
16.Nd4b5 Qc7c6
17.f3 a6
18.Nb5d6 Qc6c5
19.Kh1 Rc8c7
20.Nd6xb7 Rc7xb7
21.Qc2b3 Nf6d5
22.Bc3d4 Qc5a5
23.h3 Rf8c8
24.Rd1c1 Rb7c7
25.Rc1xc7  { time }
1-0

[Event "Tourn. n8742"]
[Site "www.chess-mail.com"]
[Date "2016.05.11"]
[Round "1"]
[White "Bojan"]
[Black "Osopanda"]
[WhiteElo "1820"]
[BlackElo "1900"]
[Result "1-0"]
[Round "1"]
1.e4 c5
2.Ng1f3 d6
3.Nb1c3 e6
4.d4 cxd4
5.Nf3xd4 Ng8f6
6.Bf1d3 a6
7.Qd1f3 Bf8e7
8.O-O O-O
9.Rf1e1 b5
10.Nd4b3 Bc8b7
11.Qf3h3 Nb8c6
12.Bc1e3 Nc6e5
13.Bd3e2 Ra8c8
14.Nb3d4 Qd8d7
15.a3 Rc8xc3
16.bxc3 Nf6xe4
17.f4 Ne5g6
18.Re1f1 Ne4xc3
19.Be2d3 Nc3d5
20.f5 Ng6e5
21.fxe6 fxe6
22.Qh3xh7 { resign }
1-0

[Event "Tourn. n8714"]
[Site "www.chess-mail.com"]
[Date "2016.05.11"]
[Round "1"]
[White "Odin"]
[Black "Prize64"]
[WhiteElo "1990"]
[BlackElo "2270"]
[Result "0-1"]
[Round "1"]
1.d4 Ng8f6
2.c4 c5
3.d5 b5
4.e3 Bc8b7
5.Ng1f3 d6
6.Nb1c3 b4
7.Nc3b5 a6
8.Qd1a4 Nb8d7
9.Nf3e5 axb5
10.Qa4xb5 Bb7a6
11.Qb5c6 dxe5
12.d6 exd6
13.Qc6a4 Ba6xc4
14.Qa4c2 Bc4xf1
15.Rh1xf1 Bf8e7
16.f3 O-O
17.Kf2 d5
18.b3 Qd8b6
19.Kg1 Rf8c8
20.e4 d4
21.Bc1g5 h6
22.Bg5h4 Qb6d6
23.Bh4g3 Nf6h5
24.Bg3f2 Be7g5
25.Ra1d1 Nh5f4
26.Rf1e1 Qd6g6
27.Bf2g3 Nf4h5
28.Bg3f2 Nh5f4
29.Bf2g3 Nf4e6
30.h4 Bg5e3
31.Bg3f2 Be3xf2
32.Kxf2 Ra8a3
33.Re1g1 Rc8a8
34.Kf1 Ra3xa2
35.Qc2d3 Qg6g3
36.Rd1d2 Ra2xd2
37.Qd3xd2 Ra8a1
38.Ke2 Ra1xg1
39.Kd3 Nd7b6
{ resign }
0-1

[Event "Tourn. n8709"]
[Site "www.chess-mail.com"]
[Date "2016.05.11"]
[Round "1"]
[White "Roque1"]
[Black "Francesco"]
[WhiteElo "2070"]
[BlackElo "1940"]
[Result "0-1"]
[Round "1"]
1.e4 c6
2.d4 d5
3.Nb1c3 dxe4
4.Nc3xe4 Bc8f5
5.Bf1d3 Nb8d7
6.Ng1e2 e6
7.O-O Ng8f6
8.Bc1g5 Bf8e7
9.Ne2g3 Bf5g4
10.f3 Bg4h5
11.Bg5xf6 Nd7xf6
12.c3 Bh5g6
13.Rf1f2 O-O
14.Qd1e2 Nf6d5
15.f4 Be7h4
16.Ra1f1 Bg6xe4
17.Qe2xe4 Nd5f6
18.Qe4e2 Bh4xg3
19.hxg3 Qd8a5
20.b4 Qa5d5
21.Bd3c4 Qd5h5
22.Qe2xh5 { time. }
0-1

[Event "Match"]
[Site "www.echecsemail.com"]
[Date "2016.05.11"]
[Round "1"]
[White "Toblakay"]
[Black "Pimpampum"]
[WhiteElo "1909"]
[BlackElo "1499"]
[Result "1-0"]
[Round "1"]
1.d4 d5
2.c4 c6
3.Nb1c3 Ng8f6
4.e3 Bc8f5
5.cxd5 cxd5
6.Qd1b3 Qd8d7
7.Ng1f3 Nb8c6
8.Bf1b5 a6
9.Nf3e5 Qd7d6
10.Bb5xc6 bxc6
11.Qb3b7 Ra8c8
12.Qb7xa6 g6
13.b3 Qd6b4
14.Bc1d2 Qb4d6
15.Nc3a4 Bf8g7
16.Ra1c1 O-O
17.Rc1xc6 Qd6b8
18.O-O Nf6e4
19.Bd2c1 Rf8d8
20.Na4b6 Rc8c7
21.Rc6xc7 Qb8xc7
22.Bc1a3 e6
23.Rf1c1 { resign }
1-0